| 000 | 00591nam a2200205 i 4500 | ||
|---|---|---|---|
| 001 | 89955 | ||
| 003 | ES-MaACL | ||
| 005 | 20250927162917.0 | ||
| 007 | t| | ||
| 008 | 050117s1971 sp af |||| | spa d | ||
| 080 | _a796.34 | ||
| 100 | 1 |
_aLeach, John. _970950 |
|
| 245 | 1 | 0 |
_aTenis de mesa / _cpor Johny Leach ; [traducida por Esteban Riambau]. |
| 260 |
_aBarcelona : _bHispano Europea, _c[1971] |
||
| 300 |
_a121 p., 5 lám. : _bil. ; _c21 cm. |
||
| 650 | 4 |
_aTenis. _9162440 |
|
| 700 | 1 |
_aRiambau, Esteve, _d1925-1994 _9156353 |
|
| 852 |
_aES-MaACL _jC-41960 |
||
| 999 |
_c89955 _d89955 |
||